000 00889nam a2200241 i 4500
001 181400
003 ES-MaACL
005 20250512063043.0
008 130114s2011 sp | |||||||| | spa d
080 _a330.85(460)
080 _a94(460)"1931/39
100 1 _aTrotsky, Leon,
_d1879-1940
_9240350
245 1 0 _aLa revolución española, 1930-1939 :
_bselección de escritos /
_cTrotsky.
260 _aMadrid :
_bDiario Público, con la colaboración de la Fundación Federico Engels,
_c[2011]
300 _a254 p. ;
_c18 cm.
490 1 _aBiblioteca de la República
650 0 4 _aComunismo-
_zEspaña-
_y1931-1939.
_911218
651 4 _aEspaña-
_xHistoria-
_y1931-1939, II República.
_98283
830 1 _aBiblioteca de la República
_9191447
852 _aES-MaACL
_jA-12420
_9188300
_bR.147209
_cDEPO1
_dOlim: N-5425
942 _2udc
_cMONOGRAFIA
999 _c181400
_d181400